000 01437cam a2200325 a 4500
001 691359
003 NUST-PNEC
005 20170116180709.0
008 960703s1997 nyua bf 001 0 eng
010 _a 96032698
020 _a0070210772
040 _aDLC
_cPNEC
_dDLC
050 0 0 _aTK7825
_b.E34 1997
082 0 0 _a621.381 CHR
100 _9475
_aChristiansen Donald
245 0 0 _aElectronics engineers' handbook /
_cDonald Christiansen, editor in chief.
250 _a4th ed.
260 _aNew York :
_bMcGraw Hill,
_c1997.
300 _al v. (various pagings) :
_bill. ;
_c24 cm.
500 _ahttp://www.amazon.com/Electronics-Engineers-Handbook-Standard-Engineering/dp/0070210772/ref=sr_1_1?s=books&ie=UTF8&qid=1412163402&sr=1-1&keywords=0070210772
504 _aIncludes bibliographical references and index.
650 0 _aElectronics
_xHandbooks, manuals, etc.
_xEL
700 1 _aChristiansen, Donald.
856 4 1 _3Table of contents only
_uhttp://www.loc.gov/catdir/toc/mh022/96032698.html
856 4 2 _3Contributor biographical information
_uhttp://www.loc.gov/catdir/enhancements/fy0602/96032698-b.html
856 4 2 _3Publisher description
_uhttp://www.loc.gov/catdir/enhancements/fy0602/96032698-d.html
906 _a7
_bcbc
_corignew
_d1
_eocip
_f19
_gy-gencatlg
942 _2ddc
_cBK
999 _c60869
_d60869